000 00505nam a2200157 i 4500
001 128217
003 ES-MaACL
005 20230906193210.0
007 t|
008 070625s1969 sp ||||1| spa d
111 2 _aCertamen Literario de la Hora XXV (
_n11.
_d1968.
_cBarcelona)
_960
245 1 3 _aLa Sapa
_b: selección de novelas premiadas en el XI Certamen Literario de "La Hora XXV".
260 _a[Barcelona] :
_bLye,
_c1969.
300 _a191 p. ;
_c20 cm.
852 _aES-MaACL
_jC-35975
_bR.69480
999 _c128217
_d128217